Housemaids at home and abroad: (Record no. 104)

MARC details
000 -LEADER
fixed length control field 006300000a22001810004500
005 - DATE AND TIME OF LATEST TRANSACTION
control field 20240229153758.0
008 - FIXED-LENGTH DATA ELEMENTS--GENERAL INFORMATION
fixed length control field 230817t ||||| |||| 00| 0 eng d
041 ## - LANGUAGE
Language code of text/sound track or separate title English
080 ## - UNIVERSAL DECIMAL CLASSIFICATION NUMBER
Classification Number 331.4
Call Number GAM
942 ## - ADDED ENTRY ELEMENTS (KOHA)
Item Type Thesis
100 ## - MAIN ENTRY--PERSONAL NAME
Personal Author Gamburd, Michele Ruth
245 ## - TITLE STATEMENT
Title Housemaids at home and abroad:
Remainder of title labour migration and social transformation in a Sri Lankan village
260 ## - PUBLICATION, DISTRIBUTION, ETC. (IMPRINT)
Place of Publication Michigan:
Name of Publisher UMI Dissertation Services,
Date of Copyright 1995
300 ## - PHYSICAL DESCRIPTION
Extent xi., 308 p.
502 ## - DISSERTATION NOTE
Name of granting institution Submitted to The University of Michigan for the degree of Doctor of Philosophy (Anthropology)
650 ## - SUBJECT ADDED ENTRY--TOPICAL TERM
Topical Term WOMEN WORKERS-Sri Lanka
650 ## - SUBJECT ADDED ENTRY--TOPICAL TERM
Topical Term Anthropology, Cultural
Holdings
Withdrawn status Lost status Damaged status Not for loan Permanent location Current location Date acquired Total Checkouts Full call number Barcode Date last seen Price effective from Koha item type
        Resource center, Muslim Women's Research And Action Forum Resource center, Muslim Women's Research And Action Forum 2023-08-17   331.4 GAM RAF3966 2023-08-17 2023-08-17 Thesis

Copyright © 2023 Muslim Women's Research and Action Forum (MWRAF), No 27/3, Anderson Road, Kalubowila, Dehiwela. Funded by The Asia Fundation